Evaluation asphalt cement temperature susceptibility with /with out using selected additives/polymer at different temperature using 40/50 and 60/70 grade asphalt cement. (Record no. 551445)

000 -LEADER
fixed length control field 00550nam a22001577a 4500
082 ## - DEWEY DECIMAL CLASSIFICATION NUMBER
Classification number T-145
100 ## - MAIN ENTRY--PERSONAL NAME
Personal name Anjum Saeed.
9 (RLIN) 48537
245 ## - TITLE STATEMENT
Title Evaluation asphalt cement temperature susceptibility with /with out using selected additives/polymer at different temperature using 40/50 and 60/70 grade asphalt cement.
Statement of responsibility, etc. Anjum Saeed.
260 ## - PUBLICATION, DISTRIBUTION, ETC.
Place of publication, distribution, etc. Risalpur.
Name of publisher, distributor, etc. MCE
Date of publication, distribution, etc. 6th May 2003.
300 ## - PHYSICAL DESCRIPTION
Extent 175 p.:
526 ## - STUDY PROGRAM INFORMATION NOTE
Program name 0
Interest level 0
Reading level 0
Title point value T_145
650 ## - SUBJECT ADDED ENTRY--TOPICAL TERM
Topical term or geographic name entry element MSc in CE.
9 (RLIN) 48538
650 ## - SUBJECT ADDED ENTRY--TOPICAL TERM
Topical term or geographic name entry element Thesis
9 (RLIN) 34811
700 ## - ADDED ENTRY--PERSONAL NAME
Personal name Tayyab Akram, Brig.
9 (RLIN) 48539
942 ## - ADDED ENTRY ELEMENTS (KOHA)
Source of classification or shelving scheme
Koha item type Book
Holdings
Withdrawn status Lost status Source of classification or shelving scheme Damaged status Not for loan Permanent Location Current Location Date acquired Total Checkouts Full call number Barcode Date last seen Price effective from Koha item type Public note
          Military College of Engineering (MCE) Military College of Engineering (MCE) 12/15/2014   T-145 MCE-T-145 12/15/2014 12/15/2014 Book Thesis
© 2023 Central Library, National University of Sciences and Technology. All Rights Reserved.